[Event "Baku op"]
[Site "Baku"]
[Date "2010.08.31"]
[Round "9"]
[White "Rustamzada, Dargah Ahmad Oglu"]
[Black "Khalaji, Hanieh"]
[Result "1-0"]
[WhiteElo "2093"]
[BlackElo "1958"]
[PlyCount "83"]
[EventDate "2010.08.23"]
[EventType "swiss"]
[EventRounds "9"]
[EventCountry "AZE"]
[SourceTitle "CBM 138 Extra"]
[Source "ChessBase"]
[SourceDate "2010.10.29"]
[SourceVersion "1"]
[SourceVersionDate "2010.10.29"]
[SourceQuality "1"]

1. e4 c6 2. d4 d5 3. exd5 cxd5 4. Bd3 Nc6 5. c3 g6 6. Bf4 Bg7 7. Nf3 Nh6 8. 0-0 Bf5 9. Bxh6 Bxh6 10. Bxf5 gxf5 11. Ne5 Nxe5 12. dxe5 e6 13. Kh1 0-0 14. f4 Qh4 15. Qd2 Kh8 16. Na3 Rg8 17. Rf3 Rg6 18. Nb5 Rag8 19. Nd6 Qe7 20. Rg1 Rg4 21. Qf2 a6 22. h3 R4g6 23. b3 Qc7 24. c4 Bf8 25. Qb2 dxc4 26. bxc4 R6g7 27. Ne8 Qxc4 28. Nxg7 Rxg7 29. Qxb7 Qxa2 30. Rc3 Qa4 31. Rc8 Qa3 32. Rgc1 f6 33. Qc6 Rg3 34. Kh2 Rg8 35. exf6 Qg3+ 36. Kh1 Qg6 37. Re1 Qxf6 38. Qxe6 Qxe6 39. Rxe6 a5 40. Ree8 Kg7 41. Ra8 Kf7 42. Rec8 1-0

[Event "Baku op"]
[Site "Baku"]
[Date "2010.08.25"]
[Round "3"]
[White "Guliev, Logman"]
[Black "Rustamzada, Dargah Ahmad Oglu"]
[Result "1-0"]
[WhiteElo "2437"]
[BlackElo "2093"]
[PlyCount "77"]
[EventDate "2010.08.23"]
[EventType "swiss"]
[EventRounds "9"]
[EventCountry "AZE"]
[SourceTitle "CBM 138 Extra"]
[Source "ChessBase"]
[SourceDate "2010.10.29"]
[SourceVersion "1"]
[SourceVersionDate "2010.10.29"]
[SourceQuality "1"]

1. e4 e5 2. Nf3 Nc6 3. Bb5 a6 4. Ba4 Nf6 5. 0-0 Be7 6. Re1 b5 7. Bb3 d6 8. c3 0-0 9. h3 Na5 10. Bc2 c5 11. d4 Qc7 12. Nbd2 cxd4 13. cxd4 Nc6 14. Nb3 a5 15. Be3 Nb4 16. Bb1 a4 17. Nbd2 Bd7 18. a3 Na6 19. Bd3 Qb8 20. Qe2 Re8 21. b4 axb3 22. Nxb3 Bd8 23. d5 Qb7 24. Reb1 g6 25. Nbd2 Qc7 26. a4 Nc5 27. axb5 Na4 28. Qf1 Qb7 29. Nc4 Be7 30. Qe1 Nc5 31. Rxa8 Nxd3 32. Rxe8+ Bxe8 33. Qe2 Nf4 34. Bxf4 exf4 35. b6 Bd8 36. Na5 Qb8 37. Nc6 Bxc6 38. dxc6 Bxb6 39. Qb2 1-0